=LDR 00000nam 2200000 4500 =001 NUTBA000000000000607 =005 20140326113556.0 =006 =007 =008 =020 ##$$a 978-602-941-63-2 =035 ##$$a 0010-031400000000606 =082 ##$$a 306.4 =100 ##$$a prof. dr i.b. wirawan =245 ##$$a teori-teori sosial =250 ##$$a cet 1, 2012, cet 2, 2013 =260 ##$$a kencana =300 ##$$a xii, 326 klm $c 15x23 cm